| 000 | 01137njm a2200265 i 4500 | ||
|---|---|---|---|
| 001 | 4591 | ||
| 003 | ES-MaACL | ||
| 005 | 20250622053043.0 | ||
| 007 | s|r||||||||||| | ||
| 008 | 041213s1982 sp ||| g ||||||||1|nspa d | ||
| 100 | 1 |
_aIriarte, José Luis. _965438 |
|
| 245 | 1 | 0 |
_aRecuperación de la identidad vasca _h[Grabación sonora] / _cinterviene José Luis Iriarte. |
| 260 |
_aMadrid : _bAteneo de Madrid, _c1982. |
||
| 300 |
_a2 discos (CD-DA) (1 h. 49 min. 29 seg.) ; _c12 cm. |
||
| 500 | _aDatos basados en invitación. | ||
| 518 | _aActo organizado por la Sección de Ciencias Morales y Políticas del Ateneo de Madrid, grabado en la aula pequeña el jueves 15 de abril de 1982, a las 20:00 h. | ||
| 610 | 2 | 4 |
_aAteneo de Madrid- _xActos culturales- _y1982- _vGrabaciones sonoras. _91895 |
| 650 | 4 |
_aNacionalismo- _zPaís Vasco. _915458 |
|
| 650 | 1 | 4 |
_aIdentidad cultural- _zPaís Vasco. _913540 |
| 710 | 2 |
_aAteneo de Madrid. _bSección de Ciencias Morales y Políticas _91985 |
|
| 852 |
_aES-MaACL _jROT 4/7/24 _94708 _cROT |
||
| 852 |
_aES-MaACL _jROT 4/7/25 _9203616 _cROT |
||
| 942 | _2udc | ||
| 999 |
_c4591 _d4591 |
||